000 00329 a2200157 4500
001 58188
020 _a8589655040
040 _cAnchieta - Pituba
100 _aUzel, Marcos
240 1 0 _aO teatro do bando
_lpor
245 1 0 _aO teatro do bando
300 _a293
362 0 _a2003
650 4 _aDrama brasileiro
942 _cBK
999 _c58188
_d58188